[Event "San Sebastian Mendez Memorial 9th"]
[Site "San Sebastian del Pepino"]
[Date "2023.01.13"]
[Round "1"]
[White "Burgos Rodriguez, Edison"]
[Black "Velazquez Rivera, Pedro J"]
[Result "1/2-1/2"]
[WhiteElo "1874"]
[BlackElo "1689"]
[PlyCount "43"]
[EventDate "2023.01.13"]
[EventType "swiss"]
[EventRounds "5"]
[EventCountry "PUR"]
[SourceTitle "CBM 212 Extra"]
[Source "ChessBase"]
[SourceDate "2023.03.31"]
[SourceVersion "1"]
[SourceVersionDate "2023.03.31"]
[SourceQuality "1"]

1. e4 e6 2. d4 d5 3. Nc3 Bb4 4. e5 c5 5. Bd2 a6 6. a3 Bxc3 7. bxc3 Ne7 8. Bd3 c4 9. Be2 Bd7 10. f4 Ba4 11. Nf3 Nbc6 12. 0-0 Qa5 13. Nh4 g6 14. Rb1 0-0-0 15. Qc1 Na7 16. Qb2 Nb5 17. Nf3 Nc6 18. Rfd1 Qc7 19. Be3 Qa5 20. Bd2 Qc7 21. Be1 h6 22. Bd2 1/2-1/2

[Event "Guillermo Garcia Memorial op"]
[Site "Santa Clara"]
[Date "2022.05.02"]
[Round "3"]
[White "Rodriguez, Octavio"]
[Black "Velazquez Rivera, Pedro J"]
[Result "1-0"]
[WhiteElo "1922"]
[BlackElo "1732"]
[PlyCount "67"]
[EventDate "2022.04.30"]
[EventType "swiss"]
[EventRounds "9"]
[EventCountry "CUB"]
[SourceTitle "CBM 208 Extra"]
[Source "ChessBase"]
[SourceDate "2022.07.31"]
[SourceVersion "1"]
[SourceVersionDate "2022.07.31"]
[SourceQuality "1"]

1. d4 Nf6 2. c4 g6 3. Nc3 Bg7 4. e4 d6 5. Nge2 0-0 6. Ng3 e5 7. d5 a5 8. Be2 Na6 9. h4 h6 10. Be3 Kh7 11. a3 Nc5 12. 0-0 Bd7 13. f4 exf4 14. Rxf4 Qe7 15. Qc2 Kg8 16. Raf1 g5 17. hxg5 hxg5 18. R4f2 Ng4 19. Bxg4 Bxg4 20. Nf5 Bxf5 21. Rxf5 f6 22. Bxc5 dxc5 23. Qf2 b6 24. Re1 Rae8 25. Qg3 Qd8 26. Nb5 Re7 27. Re3 Rfe8 28. d6 cxd6 29. Nxd6 Rf8 30. Rd5 Qc7 31. Nf5 Re5 32. Qg4 Rfe8 33. Rd7 Rxe4 34. Rxc7 1-0

[Event "PUR-ch"]
[Site "San Juan"]
[Date "2017.07.16"]
[Round "4"]
[White "Velazquez Rivera, Pedro J"]
[Black "Candelario Fernandez, Jorge L"]
[Result "1-0"]
[WhiteElo "1758"]
[BlackElo "1741"]
[PlyCount "123"]
[EventDate "2017.07.14"]
[EventType "tourn"]
[EventRounds "11"]
[EventCountry "PUR"]
[SourceTitle "EXT 2018"]
[Source "ChessBase"]
[SourceDate "2017.10.13"]
[SourceVersion "1"]
[SourceVersionDate "2017.10.13"]
[SourceQuality "1"]

1. Nf3 c5 2. g3 Nc6 3. Bg2 d5 4. c4 d4 5. d3 e5 6. Nbd2 h6 7. 0-0 Be7 8. Ne1 Qc7 9. Nc2 Nf6 10. Rb1 Rb8 11. a3 0-0 12. b4 b6 13. b5 Nd8 14. a4 Bb7 15. f3 Ne6 16. Ra1 Bd6 17. Ne4 Be7 18. Bd2 Nh7 19. Qc1 f5 20. Nf2 f4 21. Ne4 Nhg5 22. gxf4 Nxf4 23. Bxf4 exf4 24. Qd2 Nxe4 25. fxe4 Bd8 26. Bf3 Rf6 27. Rf2 Rg6+ 28. Rg2 Rxg2+ 29. Kxg2 Qe5 30. Rg1 Bc7 31. Kf2 Rf8 32. Ke1 Rf6 33. Kd1 Bc8 34. Qe1 Be6 35. Qf2 Bf7 36. Ne1 Rg6 37. Bg4 Be6 38. Nf3 Qf6 39. Bxe6+ Qxe6 40. Rxg6 Qxg6 41. Qg1 Qxg1+ 42. Nxg1 Kf7 43. Ke1 Kf6 44. Kf2 g5 45. h3 h5 46. Nf3 h4 47. Nh2 Kg6 48. Kf3 Kh5 49. Ng4 Bd8 50. e5 Kg6 51. Ke4 Be7 52. Kd5 Kf5 53. Kc6 f3 54. exf3 Ke6 55. Kb7 Kf5 56. Kc8 Ke6 57. Kc7 Bf8 58. Kb7 Be7 59. Kxa7 Bd8 60. Kb7 Kd7 61. Nf6+ Ke6 62. Kc8 1-0